| 000 | 00595nam a2200217Ii 4500 | ||
|---|---|---|---|
| 001 | 18389 | ||
| 003 | CO-ViMGA | ||
| 008 | 241108s9999||||xx |||||||||||||| ||und|| | ||
| 020 | _a9802711314 | ||
| 040 |
_aCO-ViMGA _bspa _erda _cCO-ViMGA |
||
| 041 | 0 | _aspa | |
| 084 | _aN ROM7c | ||
| 100 | 1 |
_aDenzil Romero _946066 |
|
| 245 | 1 | 0 | _aLa carujada |
| 264 | 1 | _aCaracas, Venezuela : Planeta Venezolana, 1990 | |
| 300 | _avolumen | ||
| 336 |
_atext _btxt _2rdacontent |
||
| 337 |
_aunmediated _bn _2rdamedia |
||
| 338 |
_avolume _bnc _2rdacarrier |
||
| 940 | _aidficha_siabuc: 18052. -- ficha_no_siabuc:18389 | ||
| 999 |
_c40617 _d40617 |
||